| 000 | 00760nam a22002177a 4500 | ||
|---|---|---|---|
| 999 |
_c8710 _d8710 |
||
| 003 | AR-CdUCM | ||
| 008 | 190325b ||||| |||| 00| 0 spa d | ||
| 040 |
_aMUNICIPALIDAD PROVINCIAL DEL CUSCO _cBIBLIOTECA MUNICIPAL DEL CUSCO |
||
| 082 |
_a869.56 / _bR84 |
||
| 100 |
_aRosasco Gerkes, Julio _924319 |
||
| 245 | _aJardinero de la vida / | ||
| 260 |
_aLima : _bIEC para el Desarrollo, _c2000. |
||
| 300 |
_a84 páginas ; _c17 cm. |
||
| 505 | _aContenido: Al encuentro de tus labios -- Amor fortuito y brutal -- Arenas movedizas -- Como la primavera -- Comunicación ... | ||
| 650 |
_aPoesías peruanas _91481 |
||
| 650 |
_aSiglo XX _98 |
||
| 650 |
_aLiteratura _983 |
||
| 700 |
_aRoncal Pretell, Odar (editor) _924320 |
||
| 942 |
_2ddc _cLIBROS |
||
| 945 | _aachl | ||